Evolutionary biology. V 6 (Record no. 34427)

MARC details
000 -LEADER
fixed length control field 00313nam a2200121Ia 4500
082 ## - DEWEY DECIMAL CLASSIFICATION NUMBER
Classification number 575.8
Item number EVO.6
245 #0 - TITLE STATEMENT
Title Evolutionary biology. V 6
260 ## - PUBLICATION, DISTRIBUTION, ETC. (IMPRINT)
Place of publication New York
Name of publisher Plenum
Year of publication 1972
650 ## - SUBJECT ADDED ENTRY--TOPICAL TERM
Topical Term Evolutionary biology
700 ## - ADDED ENTRY--PERSONAL NAME
Personal name DOBZHANSKY, Theodosius
942 ## - ADDED ENTRY ELEMENTS (KOHA)
Koha item type Books
Holdings
Withdrawn status Lost status Damaged status Not for loan Home library Current library Date acquired Full call number Accession Number Koha item type
        RRII Library RRII Library 16/12/2021 575.8 EVO.6 14865 Books